| 000 | 00398nam a2200145Ia 4500 | ||
|---|---|---|---|
| 005 | 20250528031506.0 | ||
| 008 | 240331s9999 xx 000 0 und d | ||
| 082 |
_a303.4 _bSIR |
||
| 100 | _aSiriwardena,R | ||
| 245 | 0 | _aSoviet deshaye bindavatima | |
| 260 |
_aColombo _bInternational centre for ethnic Studies _c1993 |
||
| 300 | _a184 p ., | ||
| 500 | _athe collapse of the soviet union | ||
| 942 | _cL | ||
| 999 |
_c1230 _d1230 |
||